| 000 | 00941nam a2200253 a 4500 | ||
|---|---|---|---|
| 001 | 40509 | ||
| 003 | BD-RjUL | ||
| 005 | 20211209053230.0 | ||
| 008 | 160503s1975 bg ||||| |||| 00| 0 ben d | ||
| 020 | _cTk. 13.00 | ||
| 035 | _a(BD-RjUL)40624 | ||
| 040 |
_aBD-RjUL _bben _cBD-RjUL |
||
| 041 | _aben | ||
| 082 |
_223 _a182 _bHAG 1975 |
||
| 100 |
_aহালিম, মোহাম্মদ আবদুল _9124755 |
||
| 245 | 1 | 0 |
_aগ্রীক দর্শন : _bপ্রজ্ঞা ও প্রসার / _cমোহাম্মদ আবদুল হালিম |
| 250 | _a১ম সং. | ||
| 260 |
_aঢাকা : _bবাংলা একাডেমী, _c১৯৭৫ |
||
| 300 |
_a[১২], ২১৬ পৃ. ; _c২০ সেমি. |
||
| 490 |
_aবাএ ; _v৬৩৪ |
||
| 650 |
_aপ্রাক গ্রীক দার্শনিক _9124756 |
||
| 650 |
_aPre-Socratic philosophers _9124757 |
||
| 942 |
_2ddc _cBK |
||
| 999 |
_c40509 _d40509 |
||